[Event "Lisbon-ch"]
[Site "Lisbon"]
[Date "2015.02.06"]
[Round "5"]
[White "Marques, Carlos Filipe Ferna"]
[Black "Fortunato, Antonio Eduardo"]
[Result "1/2-1/2"]
[WhiteElo "1852"]
[BlackElo "1691"]
[PlyCount "81"]
[EventDate "2015.01.27"]
[EventType "swiss"]
[EventRounds "7"]
[EventCountry "POR"]
[SourceTitle "CBM 164 Extra"]
[Source "ChessBase"]
[SourceDate "2015.03.02"]
[SourceVersion "1"]
[SourceVersionDate "2015.03.02"]
[SourceQuality "1"]

1. e4 e6 2. Bc4 d5 3. exd5 exd5 4. Bb3 Nf6 5. h3 Be6 6. Nf3 c6 7. d4 Be7 8. 0-0 0-0 9. Bg5 Nbd7 10. c3 Ne4 11. Bxe7 Qxe7 12. Nbd2 f5 13. Nh2 Bf7 14. Qe2 Rae8 15. Rae1 Qg5 16. Nxe4 Rxe4 17. Qd3 Bh5 18. Rxe4 fxe4 19. Qxe4 Re8 20. f4 Rxe4 21. fxg5 Re2 22. g4 Bg6 23. Rf2 Re3 24. h4 Be4 25. Bc2 c5 26. Bxe4 Rxe4 27. dxc5 Nxc5 28. Rd2 Re5 29. Nf3 Re3 30. Kf2 Rd3 31. Ke2 Rxd2+ 32. Kxd2 Kf7 33. Ne5+ Ke6 34. Nd3 Nxd3 35. Kxd3 Ke5 36. Ke3 b6 37. h5 g6 38. b4 b5 39. a3 Ke6 40. Kd4 Kd6 41. h6 1/2-1/2